000 00310nam a22001337a 4500
008 170818b xxu||||| |||| 00| 0 eng d
020 _a9780393976489
041 _aeng
080 _a51
100 _a37
101 _aMAT
245 _aSTRATEGY AN INTRODUCTION O GAME THEORY
_cWATSON.J
942 _2udc
_cBK
999 _c24147
_d24147